Knižnica algoritmov : Zoznam príspevkov 1. až 6. dielu (z 1.-6. sympózia o algoritmoch; V. Tatry r. 1972, 1974, 1975, 1977, 1979, 1981)

Gespeichert in:
Bibliographische Detailangaben
Format: Buch
Sprache:Slowakisch
Tschechisch
Veröffentlicht: Bratislava : Jednota slovenských matematikov a fyzikov, 1981
Tags: Tag hinzufügen
Keine Tags, Fügen Sie das erste Tag hinzu!

MARC

LEADER 00000nam a22000003a 4500
001 stu265755
005 20150408175402.7
008 130422s--------cs------------------slo-d
040 |a STU  |b slo 
041 0 |a slo  |a cze 
044 |a cs 
245 |a Knižnica algoritmov :  |b Zoznam príspevkov 1. až 6. dielu (z 1.-6. sympózia o algoritmoch; V. Tatry r. 1972, 1974, 1975, 1977, 1979, 1981) 
260 |a Bratislava :  |b Jednota slovenských matematikov a fyzikov,  |c 1981 
300 |a 43 s 
996 |c I*Z2609  |l I  |s A  |a 24  |w stu265755_0001